000 00539nam a2200193Ia 4500
005 20250508164659.0
008 008 250505s9999 xx 000 0 hin d
037 _aReference
040 _aFEDL
_beng
_cFEDL
041 _ahin
_2hin
084 _a491.43321, KAP/RR
_qFEDL
100 _aKapoor Badrinath Ed.
245 0 _aVyavahrik hindi-angreji kosh
260 _aDelhi, India
_bPrabhat Prakashan
_c2004
300 _a976p.
365 _aINR
_b25
942 _cREF
_h491.43321, KAP/RR
999 _c1390519
_d1390519